000 00517nam a2200217Ia 4500
003 OSt
005 20140313102332.0
008 140130s9999 xx 000 0 und d
020 _a0439223067
050 _aPZ 7
_b.K6797Sk 2001
100 _aKline, Suzy
245 _aSong Lee and The Leech Man /
_cSuzy Kline.
260 _bScholastic,
_c2001.
_aNew York :
300 _a53 p. :
_bill. ;
_c18 cm.
440 _v1
521 _aG2
526 _c420
942 _cBK
_2lcc
999 _c40311
_d40311